Dyane: diseño y análisis de encuestas en investigación social y de mercados
Zapisane w:
| 1. autor: | |
|---|---|
| Format: | Książka |
| Język: | hiszpański |
| Wydane: |
Madrid
Pirámide
1997
|
| Hasła przedmiotowe: | |
| Etykiety: |
Dodaj etykietę
Nie ma etykietki, Dołącz pierwszą etykiete!
|
MARC
| LEADER | 00000nam a2200000 a 4500 | ||
|---|---|---|---|
| 001 | UCM8605 | ||
| 003 | CL-VaPUC | ||
| 008 | 030321e19970000SP |||||||||||||||||spa|d | ||
| 082 | 0 | 4 | |a 300.72 |b SAN |2 21 |
| 100 | 0 | |a Santesmases Mestre, Miguel |e author |9 474676 | |
| 245 | 1 | 0 | |a Dyane: diseño y análisis de encuestas en investigación social y de mercados |
| 300 | |a 343 p | ||
| 942 | |c BK | ||
| 945 | |d 20030321 00:00:00 |a cmena | ||
| 260 | |a Madrid |b Pirámide |c 1997 | ||
| 500 | |a Incluye diskette | ||
| 650 | 7 | |a ENCUESTAS SOCIALES |2 CL-VaPUC |9 271428 | |
| 650 | 0 | |a Investigación social |9 307814 | |
| 650 | 0 | |a Estadística aplicada |9 270522 | |
| 650 | 0 | |a Métodos de investigación |9 262618 | |
| 650 | 0 | |a Investigación de mercado |9 332310 | |
| 583 | |a last modification |c 20141114 05:23:49 |k Rodrigo Vera | ||
| 999 | |c 303066 |d 303064 | ||
| 952 | |0 0 |1 0 |4 0 |6 300_720000000000000_SAN_1997 |7 0 |8 A |9 364021 |a BIBGIM |b BIBGIM |d 2019-11-21 |i 3883094 |o 300.72 SAN 1997 |p 3883094 |r 2025-01-15 |w 2019-11-21 |y BK |k EST | ||